header

Brush, Brush,Brush (Record no. 261819)

MARC details
000 -LEADER
fixed length control field 00214nam a22000977a 4500
020 ## - INTERNATIONAL STANDARD BOOK NUMBER
ISBN 9780531252369
100 ## - MAIN ENTRY--AUTHOR NAME
Personal name Alicia Padron
245 ## - TITLE STATEMENT
Title Brush, Brush,Brush
260 ## - PUBLICATION, DISTRIBUTION, ETC. (IMPRINT)
Place of publication New York
Name of publisher Scholastic
Year of publication 2010
942 ## - ADDED ENTRY ELEMENTS (KOHA)
Koha item type Long Loan Books

No items available.

© 2026 Rongo University
Contact us: librarian | system librarian | Rongo university